Statistics for A.C. Milan 2018/2019 Squad

Click here to take the quiz!

General Stats

  • This quiz has been taken 82 times
    (51 since last reset)
  • The average score is 19 of 34

Answer Stats

No.Answer% Correct
90Italy (GK)Antonio Donnarumma
90%
99Italy (GK)Gianluigi Donnarumma
90%
2Italy (DF)Davide Calabria
85%
79Côte d'Ivoire (MF)Franck Kessié
85%
10Turkey (FW)Hakan Çalhanoğlu
85%
17Portugal (FW)Rafael Leão
83%
9Poland (FW)Krzysztof Piątek
80%
68Switzerland (DF)Ricardo Rodríguez
80%
13Italy (DF)Alessio Romagnoli
76%
4Algeria (MF)Ismaël Bennacer
76%
25Spain (GK)Pepe Reina
76%
8Spain (FW)Suso
76%
39Brazil (MF)Lucas Paquetá
66%
22Argentina (DF)Mateo Musacchio
66%
33Bosnia & Herzegovina (MF)Rade Krunić
66%
7Spain (FW)Samu Castillejo
66%
20Argentina (MF)Lucas Biglia
63%
19France (DF)Theo Hernández
63%
12Italy (DF)Andrea Conti
61%
27Portugal (FW)André Silva
59%
23Croatia (DF)Ivan Strinić
56%
11Italy (FW)Fabio Borini
54%
5Italy (MF)Giacomo Bonaventura
54%
46Italy (DF)Matteo Gabbia
54%
93Uruguay (DF)Diego Laxalt
51%
43Brazil (DF)Léo Duarte
46%
-Italy (MAN)Marco Giampaolo
44%
98Italy (FW)Daniel Maldini
39%
31Italy (DF)Mattia Caldara
39%
94Italy (MF)Marco Brescianini
10%
84Italy (GK)Matteo Soncin
7%
89Italy (MF)Alessandro Sala
0%
95Italy (FW)Andrea Capone
0%
88Croatia (MF)Antonio Mionić
0%

Score Distribution

Percentile by Number Answered

Percent of People with Each Score

Your Score History

You have not taken this quiz since the last reset